000 00315nam a22001337a 4500
999 _c12756
_d12756
020 _a9789353433031
082 _a512.5
100 _aKolman Bernard & Hill David.R
245 _aElementary Linear Algebra with Applications
250 _a9th
260 _aIndia
_bPearson
_c2019
300 _a614 pages
942 _cBK